=LDR 00000nam 2200000 4500 =001 INLIS000000000051400 =005 20171024080457 =035 ##$$a 0010-0917000204 =007 ta =008 171024###########################0###### =020 ##$$a 978-602-234-016-4 =082 ##$$a 937 =084 ##$$a 937 NUR p =100 #$$a Nurliyani =245 1#$$a Penangan dan Pengolahan Susu Secara Sederhana /$c Nurliyani =260 ##$$a Yogyakarta :$b Citra Aji Parama,$c 2012 =300 ##$$a 80 hlm : $b ilus. ; $c 30 cm =500 ##$$a Indeks : Hlm, 80 =650 ##$$a Pengolahan Susu =504 ##$$a Bibliografi : Hlm.78 =990 ##$$a 3616536165 =990 ##$$a 21703756 =990 ##$$a 1282612826 =990 ##$$a 1282612826 =990 ##$$a 1282612826 =990 ##$$a 1282612826 =990 ##$$a 21703757 =990 ##$$a 21703756 =990 ##$$a 01201712826 =990 ##$$a 01201712827 =990 ##$$a 01201712828 =990 ##$$a 21703758 =990 ##$$a 21703756 =990 ##$$a 01201712826 =990 ##$$a 01201712827 =990 ##$$a 21703757 =990 ##$$a 21703759 =990 ##$$a 21703756 =990 ##$$a 01201712826 =990 ##$$a 21703758 =990 ##$$a 21703757 =990 ##$$a 21703760 =990 ##$$a 21703756 =990 ##$$a 21703759 =990 ##$$a 21703758 =990 ##$$a 21703757